000 00567nam a22002177a 4500
999 _c459511
_d459511
001 216218589
003 UA-OsUOA
005 20200609114456.0
008 200609b un ||||| |||| 00| 0 ukr d
040 _aUA-OsUOA
_bukr
_cUA-OsUOA
_dUA-OsUOA
041 _aukr
080 _a972.91
090 _a972.91
_bИ89
100 _aХименес А
245 _aВ походе с Фиделем 1959
_cАнтонио Хименес
260 _aМосква
_bПолитиздат
_c1984
300 _a286 с.
650 _2972
942 _2udc
_cBK
955 _a1